000
00245nam a2200097Ia 4500
008
230915s9999 xx 000 0 und d
050
_a
LA 1501 .S54 1992
100
_a
Sifuna, D.M.
245
3
_a
AN INTRODUCTION HISTORY OF EDUCATION
942
_c
BK
999
_c
166669
_d
166669